| LEADER | 01002cas a2200313 a 4500 | ||
|---|---|---|---|
| 001 | 000044183 | ||
| 003 | 2440 | ||
| 005 | 20060330105637.0 | ||
| 008 | 010217b vm 000 vie | ||
| 022 | |a 0866-8612 | ||
| 040 | |a LRC |c LRC |d LRC | ||
| 041 | 0 | |a vie | |
| 082 | 1 | 4 | |a 605 |b Ta-C |
| 245 | 0 | 0 | |a Tạp chí khoa học. Khoa học tự nhiên. |
| 246 | 0 | 1 | |a Journal of science. Social sciences. |
| 260 | |a Đại học quốc gia Hà Nội. | ||
| 300 | |c 26cm. | ||
| 650 | 0 | 4 | |a Khoa học |x Tự nhiên |v Tạp chí. |
| OWN | |a DUT | ||
| AVA | |a UDN50 |b DUT |c Periodicals |d 605 Ta-C |e available |t Error 5001 Not defined in file expand_doc_bib_avail. |f 7 |g 0 |h N |i 0 |j TC |k 1 | ||
| 999 | |a From the UDN01 | ||
| AVA | |a UDN50 |b DUT |c Periodicals |d 605 Ta-C |e available |t Error 5001 Not defined in file expand_doc_bib_avail. |f 7 |g 0 |h N |i 0 |j TC |k 1 | ||
| TYP | |a Printed language | ||
| 980 | |a Mạng thư viện Đại học Đà Nẵng | ||